Εγκληματολογία

Saved in:
Bibliographic Details
Main Author: Αλεξιάδης, Στέργιος Α., 1939-
Format: Book
Language:Greek
Published: Θεσσαλονίκη : Σάκκουλας, c2011.
Edition:5η εκδ.
Subjects:
Tags: Add Tag
No Tags, Be the first to tag this record!

MARC

LEADER 00000cam a2200000 a 4500
001 1/125044
008 220610s2011####gr | ||| |||| ||gre||
020 |a 9789604456727 
040 |a GR-MyUa  |b gre  |c GR-MyUa  |e AACR2 
041 0 |a gre 
082 7 |a 364   |2 (23) 
100 1 |a Αλεξιάδης, Στέργιος Α.,   |d 1939- 
245 1 0 |a Εγκληματολογία /   |c Στέργιου Αλεξιάδη.  
250 |a 5η εκδ.  
260 |a Θεσσαλονίκη :   |b Σάκκουλας,   |c c2011.  
300 |a 402 σ. ;   |c 24 εκ.  
504 |a Περιλαμβάνει βιβλιογραφικές παραπομπές και ευρετήριο.  
650 0 |a Criminology 
852 |a INST  |b LESVOS  |c EUDOXUS  |e 20220610  |h 364 ΑΛΕ  |p 005100063444  |q 005100063444  |t EDX  |y 0 
920 |a Εύδοξος  |b Παραγγελία  |y Λέσβος-ΤΚ  |z 2022-05 
970 |a Καμάτσου  |b Δέσποινα  |z 10-06-2022